000 00390nam a2200145Ia 4500
008 240624s9999 xx 000 0 und d
041 _aeng
082 _a658.45 CRA
100 _aCRAGAN JOHN F
245 _aCOMMUNICATION IN SMALL GROUPS THEORY PRO
250 _a(7th ed.)
260 _c2009
_aAustralia
_bWadsworth Cengage Learning
300 _ax, : 350 : p. : cm. ; 23
365 _c
_b30
999 _c14414
_d14414